000 00354nam a2200145Ia 4500
008 191201s2012 xx 000 0 und d
082 _a621.3813
_bKUM
100 _aKULKARNI, M
245 0 _aMicrowave and Radar Engineering
250 _a4th
260 _aN.Delhi
_bUmesh Publications
_c2012
300 _a677
650 _aB.Tech(ECE)
942 _2ddc
_cBK
999 _c5523
_d5523